| 000 | 01842nam a2200361 a 4500 | ||
|---|---|---|---|
| 001 | ASIN0230120695 | ||
| 005 | 20170105102854.0 | ||
| 008 | 130822s2012 xxu eng d | ||
| 020 |
_a0230120695 (paperback) _c$17.00 |
||
| 020 | _a9780230120693 (paperback) | ||
| 040 | _a0 | ||
| 050 | 0 | 4 | _aRC552.P67 |
| 050 | 0 | 4 | _aRC552.P67 |
| 082 | 0 | 4 | _a616.85212 |
| 100 | 1 | _aPhilipps, David. | |
| 245 | 1 | 0 |
_aLethal warriors : _bwhen the new band of brothers came home / _cDavid Philipps. |
| 250 | _aReprint ed. | ||
| 260 |
_a[S.l.] : _bPalgrave Macmillan, _c2012. |
||
| 300 |
_a288 p. ; _c23 cm. |
||
| 520 | _aPulitzer Prize finalist David Philipps brings to life the chilling story of how today’s American heroes are slipping through the fingers of society—with multiple tours of duty and inadequate mental-health support creating a crisis of PTSD and a large-scale failure of veterans to reintegrate into society. Following the frightening narrative of the 506th Infantry Regiment—who had rebranded themselves as the Lethal Warriors after decades as the Band of Brothers—he reveals how the painful realities of war have multiplied in recent years, with tragic outcomes for America’s soldiers, compounded by an indifferent government and a shrinking societal safety net. | ||
| 650 | 0 | _aIraq War (2003-2011) | |
| 650 | 0 | _aIraq War (2003-2011) | |
| 650 | 0 | _aPost-traumatic stress disorder | |
| 650 | 0 | _aPost-traumatic stress disorder | |
| 650 | 0 | _aUnited States. Army. Parachute Infantry Regiment, 506th | |
| 650 | 0 | _aUnited States. Army. Parachute Infantry Regiment, 506th | |
| 650 | 0 | _aVeterans--Mental health | |
| 650 | 0 | _aVeterans--Mental health | |
| 650 | 0 | _aWar neuroses | |
| 650 | 0 | _aWar neuroses | |
| 856 | 4 | 0 |
_3Amazon.com _uhttp://www.amazon.com/exec/obidos/ASIN/0230120695/chopaconline-20 |
| 942 |
_2ddc _cBK |
||
| 999 |
_c14405 _d14405 |
||